000 01167cam a22003617a 4500
001 6164
003 FISKH
005 20250602094821.0
008 031114s2002 nyua b 000 0 eng d
010 _a 2003283300
020 _a0439419182 (pbk.)
020 _a9780439419185
040 _aHQB
_cHQB
_dDLC
_beng
050 _aQL763 .H58
082 _a591.39
100 1 _aHirschmann, Kris,
_d1967-
245 1 0 _aOh baby! :
_bamazing baby animals /
_cby Kris Hirschmann.
260 _aNew York :
_bScholastic,
_c2002.
300 _a30 unnumbered pages :
_b color illustrations ;
_c26 cm
505 _aO
520 _aBirth announcements and riddles provide clues to the identity of seven animals born at the Bronx Zoo, with activities to allow readers to learn more about each creature.
521 8 _a600
_bLexile
521 8 _aO
_bRaz-Plus
610 2 1 _aNew York Zoological Park.
650 0 _aAnimals
_xInfancy
_vJuvenile literature.
650 0 _aRiddles, Juvenile.
650 1 _aAnimal infancy.
650 1 _aZoos.
650 1 _aRiddles.
906 _a7
_bcbc
_ccopycat
_d2
_encip
_f20
_gy-gencatlg
942 _2ddc
_cBK
_n0
999 _c6164
_d6164